000
00298nam a22001337a 4500
008
170602b xxu||||| |||| 00| 0 eng d
020
_a
0520063894
041
_a
eng
080
_a
94
100
_a
17
101
_a
SHH
245
_a
EVOLUTION THE HISTORY OF AN IDEA
_c
BOWLER,P.J
942
_2
udc
_c
BK
999
_c
15709
_d
15709